| 000 | 00424nam a2200157Ia 4500 | ||
|---|---|---|---|
| 005 | 20250307010739.0 | ||
| 008 | 240331s9999 xx 000 0 und d | ||
| 082 |
_bSIR _a954 |
||
| 100 | _aSirr, H.C | ||
| 245 | 0 | _aCeylon and the cingalese | |
| 260 |
_aLondon _bWilliam Shoberl Publisher _c1850 |
||
| 300 | _aXXIV, 274 p ., | ||
| 500 | _aThe ancient history of Lanka-diva and Kandian Kingdom | ||
| 650 | _a | ||
| 942 | _cL | ||
| 999 |
_c3547 _d3547 |
||